Countries that Have Controlled China - Statistics

General Stats
  • This quiz has been taken 3,415 times
    3,312 since last reset
  • The average score is 20 of 27
Answer Stats
Years Country % Correct
1895 - Japan
98%
1900 - Russia
96%
1841 - 1997 United Kingdom
96%
1205 - 1635 Mongolia
95%
1950 - India
92%
1848 - 1863 United States
90%
1898 - 1946 France
89%
1898 - 1914 Germany
88%
1557 - 1999 Portugal
88%
1976 - Vietnam
88%
1911 - Taiwan
86%
1626 - 1642 Spain
83%
1901 - 1943 Italy
79%
2333 BC - 668 AD Korea
76%
1947 - Pakistan
76%
1624 - 1662 Netherlands
74%
1948 - Myanmar
71%
1949 - China
69%
1911 - Bhutan
68%
1946 - Philippines
68%
1895 - Afghanistan
65%
1902 - 1931 Belgium
61%
1980 - Malaysia
58%
618 - 842, 1912 - 1951 Tibet
57%
1902 - 1917 Austria-Hungary
53%
1881 - Tajikistan
50%
1955 - 1974 South Vietnam
10%
No matching quizzes found
Score Distribution
Percent of People with Each Score
Percentile by Number Answered
Your Score History
You have not taken this quiz since the last reset